000 00573nam a22001817a 4500
003 CEME
005 20210628210521.0
008 210209b xxu||||| |||| 00| 0 eng d
020 _a81-7635-196-2
040 _c.
082 _a005.133-C++ ROB
100 _aRobison, Lyn
_976550
245 _aTeach yourself database programming with visual c plus plus 6 in 21 days
260 _aNEW DELHI
_bTECHMEDIA
_c1999
300 _aXVI,570P
650 _aDATABASE PROGRAMMING WITH VISUAL C PLUS PLUS 6 VISUAL C PLUS PLUS 6.0 C PLUS PLUS 6.0 IN 21 DAYS
_979746
942 _cBK
_2ddc
999 _c584749
_d584749